000 01108cam a2200337 i 4500
001 000020120
003 DO-SdBNP
005 20250703095052.0
007 ta
008 700702s2000 dr 000 f spa d
020 _a8481301892
040 _aDO-SdBNP
_bspa
_cBNPHU
_erda
082 4 _a320.1
_bM149p
_222
100 1 _aMachiavelli, Niccoló,
_d1469-1527.
_93354
_eautor
240 1 0 _aIl principe.
_lEspañol
245 1 3 _aEl príncipe /
_cNicolás Maquiavelo ; traducción de Ángeles Cardona.
264 _aSanto Domingo :
_bEl Siglo,
_c2000.
300 _a123 paginas ;
_c19 cm.
336 _2rdacontent
_atexto
_btxt
337 _2rdamedia
_asin mediación
_bn
338 _2rdacarrier
_avolumen
_bnc
490 1 _aLas joyas del milenio
_v12
534 _aTítulo original: Il principe
_cBarcelona : Bibliotex, 2000.
590 _aInventariado, 2018 /LP
650 0 _aCiencia política
_95772
650 0 _aÉtica política
_91332
700 1 _aCardona, Ángeles,
_etr.
_925714
830 0 _aLas joyas del milenio ;
_v12
_922251
910 _aValidado. Control de calidad MFF
942 _2ddc
_cLBS1
999 _c19628
_d19628